Herbicides and plant physiology.

"This Third Edition aims to update the reader on how herbicides contribute to modern agriculture, how they are discovered and developed, and interact with plant growth and development, and the environment. Since the publication of the Second Edition in 2010 there have been many advances in our...

Descripció completa

Guardat en:
Dades bibliogràfiques
Autor principal: Cobb, Andrew H., 1949- (Autor)
Format: Llibre
Idioma:anglès
Publicat: Hoboken, NJ., USA : Wiley-Blackwell, 2021.
Edició:Third edition.
Matèries:
Etiquetes: Afegir etiqueta
Sense etiquetes, Sigues el primer a etiquetar aquest registre!

MARC

LEADER 00000cam a22000008i 4500
001 22101665
003 CL-VaPUC
005 20250314121235.0
008 210625s2021 nju b 001 0 eng
999 |c 445624  |d 445622 
010 |a  2021031562 
020 |a 9781119157694  |q (paperback) 
040 |a DLC  |b eng  |e rda  |c Pontificia Universidad Católica de Valparaíso  |d DLC 
042 |a pcc 
050 0 0 |a SB951.4  |b .C63 2021 
082 0 0 |a 632.954 COB 2021  |2 23 
100 1 |a Cobb, Andrew H.,  |d 1949-  |e author.  |9 896433 
245 1 0 |a Herbicides and plant physiology. 
250 |a Third edition. 
260 |a Hoboken, NJ., USA :  |b Wiley-Blackwell,  |c 2021. 
300 |a 275 págias :  |b ilustraciones 
504 |a Includes bibliographical references and index. 
520 |a "This Third Edition aims to update the reader on how herbicides contribute to modern agriculture, how they are discovered and developed, and interact with plant growth and development, and the environment. Since the publication of the Second Edition in 2010 there have been many advances in our understanding of plant physiology, especially regarding how plants function in tune with their ever-changing environment and how post-translational modifications provide regulatory control of most plant processes. Modern agriculture, however, still faces many challenges. The starting point of this book is weed biology. Subsequent chapters consider the modern plant protection products industry, how herbicides are discovered and developed, how they gain entry into the plant and move to their sites of action, and the basis of herbicide selectivity. Detailed and updated accounts follow of how herbicides interact with the major physiological processes in plants, leading to weed control. This begins with the inhibition of photosynthesis; followed by pigment biosynthesis; interactions with the plant growth regulator, auxin; lipid biosynthesis; amino acid biosynthesis; cell division; cellulose biosynthesis; the plant kinome; herbicide resistance; the development of genetically-modified-herbicide resistant crops and a consideration of some new targets for the future development of new herbicides"--  |c Provided by publisher. 
583 |c 20250310 
650 0 |a Fisiolofía de las plantas  |9 896434 
650 0 |a Herbicidas   |x Efectos fisiológicos  |9 896435 
650 0 |a Semillas   |x Control  |9 896436 
942 |2 ddc  |c BK 
952 |0 0  |1 0  |2 ddc  |4 0  |6 632_954000000000000_COB_2021  |7 0  |8 A  |9 600787  |a BIBAGR  |b BIBAGR  |d 2025-03-10  |e 3  |g 97444.00  |i 5665544  |o 632.954 COB 2021  |p 5665544  |r 2025-03-10  |t 1  |v 97444.00  |w 2025-03-10  |y BK  |k AGR